All 75 official UK cities by picture - Statistics

General Stats
  • This quiz has been taken 56 times
  • The average score is 49 of 75
Answer Stats
Picture Hint Answer % Correct
346,090 Cardiff
96%
593,245 Glasgow
94%
466,415 Liverpool
94%
1,092,330 Birmingham
92%
123,867 Cambridge
92%
476,626 Edinburgh
92%
503,127 Manchester
92%
305,680 Newcastle (upon Tyne)
92%
151,906 Oxford
90%
751,485 Leeds
88%
205,056 Portsmouth
88%
552,698 Sheffield
88%
222,793 Aberdeen
85%
333,871 Belfast
85%
273,369 Brighton (& Hove)
85%
428,234 Bristol
85%
308,106 Nottingham
85%
239,023 Swansea | Abertawe
85%
88,859 Bath
83%
256,384 Plymouth
83%
236,882 Southampton
83%
329,8393 Leicester
81%
198,051 York
81%
147,268 Dundee
79%
522,452 Bradford
77%
132,512 Norwich
77%
127,709 Exeter
75%
248,752 Derby
73%
256,406 Kingston (upon Hull)
73%
249,470 Wolverhampton
73%
107,877 Derry | Londonderry
71%
91,733 Chester
69%
94,375 Durham
69%
93,541 Lincoln
67%
45,770 Perth
67%
219,396 Westminster
67%
151,145 Canterbury
65%
316,915 Coventry
65%
249,008 Stoke-on-Trent
65%
275,506 Sunderland
65%
98,768 Worcester
65%
121,688 Gloucester
63%
79,415 Inverness
63%
183,631 Peterborough
63%
40,302 Salisbury
63%
1,841 St. Davids
60%
34,790 Stirling
60%
145,736 Newport
58%
107,524 Carlisle
56%
194,706 Colchester
56%
138,375 Lancaster
56%
248,821 Milton Keynes
56%
140,202 Preston
56%
173,658 Southend-on-sea
56%
20,256 Ely
54%
233,933 Salford
54%
58,896 Hereford
52%
18,766 Truro
52%
116,595 Winchester
50%
140,644 St. Albans
48%
61,011 Bangor
46%
18,808 Bangor
46%
26,795 Chichester
44%
325,837 Wakefield
42%
7,375 City of London
40%
134,844 Wrexham
40%
10,536 Wells
38%
168,310 Chelmsford
35%
45,370 Lisburn
35%
3,355 St. Asaph
35%
16,702 Ripon
33%
14,777 Armagh
31%
49,706 Dunfermline
29%
32,219 Lichfield
25%
29,946 Newry
21%
No matching quizzes found
Score Distribution
Percent of People with Each Score
Percentile by Number Answered
Your Score History
You have not taken this quiz